Statistics for United States According to the Last Two Letters in 60Seconds

Click here to take the quiz!

General Stats

  • This quiz has been taken 124 times
  • The average score is 41 of 50

Answers on the Map

Answers color-coded by a green-red scale on the quiz's map according to % correct below.
 

Answer Stats

State% Correct
Arkansas
99%
Florida
99%
Kansas
99%
Nevada
99%
Texas
99%
Arizona
97%
Indiana
97%
Louisiana
97%
Montana
97%
North Carolina
97%
South Carolina
97%
California
96%
Georgia
96%
Pennsylvania
96%
Virginia
96%
West Virginia
96%
Alaska
95%
Nebraska
95%
Alabama
90%
Oklahoma
90%
Oregon
89%
Washington
89%
New York
87%
Colorado
86%
Minnesota
85%
North Dakota
85%
South Dakota
85%
Idaho
84%
Michigan
78%
New Mexico
78%
Hawaii
73%
Illinois
73%
Iowa
73%
Maine
73%
Wyoming
73%
Missouri
70%
Utah
70%
Ohio
68%
Delaware
66%
Mississippi
66%
New Hampshire
66%
Maryland
63%
Rhode Island
63%
New Jersey
62%
Tennessee
62%
Wisconsin
62%
Kentucky
61%
Massachusetts
57%
Vermont
57%
Connecticut
56%

Score Distribution

Percentile by Number Answered

Percent of People with Each Score

Your Score History

You have not taken this quiz